Studies in business organisation : (Record no. 4484)
[ view plain ]
| 000 -LEADER | |
|---|---|
| fixed length control field | 00966nam a2200301I 4500 |
| 001 - CONTROL NUMBER | |
| control field | 4484 |
| 003 - CONTROL NUMBER IDENTIFIER | |
| rucl marc code | BD-RJUL |
| 005 - DATE AND TIME OF LATEST TRANSACTION | |
| control field | 20211208233911.0 |
| 008 - FIXED-LENGTH DATA ELEMENTS--GENERAL INFORMATION | |
| fixed length control field | 740620s1961 xx 000 0 eng u |
| 035 ## - SYSTEM CONTROL NUMBER | |
| System control number | MITb10452564 |
| System control number | (BD-RJUL)4519 |
| System control number | GLIS00452564 |
| 040 ## - CATALOGING SOURCE | |
| Transcribing agency | ROB |
| Modifying agency | m/c |
| Original cataloging agency | BD-RjUL |
| Language of cataloging | eng |
| 041 ## - LANGUAGE CODE | |
| Language code of text/sound track or separate title | eng |
| 082 ## - DEWEY DECIMAL CLASSIFICATION NUMBER | |
| Edition number | 21 |
| Classification number | 338.7 |
| Author mark and year | STU 1961 |
| 090 ## - LOCALLY ASSIGNED LC-TYPE CALL NUMBER (OCLC); LOCAL CALL NUMBER (OCLC) | |
| Classification number (OCLC) (R) ; Classification number, CALL (RLIN) (NR) | HC256.5 |
| Local cutter number (OCLC) ; Book number/undivided call number, CALL (RLIN) | .E26 |
| 245 10 - TITLE STATEMENT | |
| Title | Studies in business organisation : |
| Remainder of title | a supplement to Business enterprise / |
| Statement of responsibility, etc. | Edited by Ronald S. Edwards and Harry Townsend. |
| 260 ## - PUBLICATION, DISTRIBUTION, ETC. (IMPRINT) | |
| Place of publication, distribution, etc. | London : |
| Name of publisher, distributor, etc. | Macmillan ; |
| Place of publication, distribution, etc. | New York : |
| Name of publisher, distributor, etc. | St. Martin's Press, |
| Date of publication, distribution, etc. | c1961, [reprinted 1967] |
| 300 ## - PHYSICAL DESCRIPTION | |
| Pagination | xxiii,160 p. |
| Illustrations | ill. : |
| Size | 23 cm. |
| 526 ## - STUDY PROGRAM INFORMATION NOTE | |
| Requested Dept. | Economics |
| 650 #0 - SUBJECT ADDED ENTRY--TOPICAL TERM | |
| Topical term or geographic name as entry element | Industrial management. |
| 9 (RLIN) | 14180 |
| Topical term or geographic name as entry element | Business Enterprises |
| 9 (RLIN) | 112022 |
| 700 1# - ADDED ENTRY--PERSONAL NAME | |
| Personal name | Edwards, Ronald S. , ed. |
| Personal name | Townsend, Harry, Jt. ed. |
| 942 ## - ADDED ENTRY ELEMENTS (KOHA) | |
| Source of classification or shelving scheme | Dewey Decimal Classification |
| Koha item type | Books |
| Lost status | Source of classification or shelving scheme | Damaged status | Not for loan | Collection code | Permanent Location | Current Location | Shelving location | Date acquired | Source of acquisition | Cost, normal purchase price | Total Checkouts | Full call number | Date last seen | Copy number | Koha item type |
|---|---|---|---|---|---|---|---|---|---|---|---|---|---|---|---|
| Dewey Decimal Classification | Not For Loan | Non-fiction | Central Library, University of Rajshahi | Central Library, University of Rajshahi | Reading Room | 05/01/1965 | Zeitlinger | 25.00 | 338.7 STU 1961 | 09/02/2014 | C-1 | Books | |||
| Dewey Decimal Classification | Non-fiction | Central Library, University of Rajshahi | Central Library, University of Rajshahi | 05/01/1965 | Zeitlinger | 23.00 | 338.7 STU 1961 | 29/11/2016 | C-2 | Books | |||||
| Dewey Decimal Classification | Non-fiction | Central Library, University of Rajshahi | Central Library, University of Rajshahi | 03/12/1968 | Zeitlinger | 25.00 | 338.7 STU 1967 | 11/04/2019 | C-3 | Books | |||||
| Dewey Decimal Classification | Non-fiction | Central Library, University of Rajshahi | Central Library, University of Rajshahi | 03/12/1968 | Zeitlinger | 25.00 | 338.7 STU 1967 | 11/04/2019 | C-5 | Books | |||||
| Dewey Decimal Classification | Non-fiction | Central Library, University of Rajshahi | Central Library, University of Rajshahi | 30/10/1965 | Zeitlinger | 25.00 | 338.7 STU 1967 | 11/04/2019 | C-4 | Books | |||||
| Dewey Decimal Classification | Non-fiction | Central Library, University of Rajshahi | Central Library, University of Rajshahi | 12/03/1968 | Zeitlinger | 338.7 STU 1961 | 11/04/2019 | C-6 | Books |